00462nam a2200193Ia 4500008004100000020001500041050001600056100001800072245002500090245002100115260002000136260001900156260000900175300001600184300002000200300001000220300003200230440000600262170918s9999 xx 000 0 und d a1587171074 bJ383cr 2001 aJarvis, Robin 4aThe crystal prison / cby Robin Jarvis. aGreat Britain : bSeastar Books, c2001 a250 pages : billustrations ; c23cm. eThe deptford mice trilogy ; a2